[Event "Calvia Amateur op 19th"]
[Site "Calvia"]
[Date "2022.10.12"]
[Round "5"]
[White "Builes Palacio, Santiago"]
[Black "Lazarte Anello, David Emiliano"]
[Result "0-1"]
[WhiteElo "1882"]
[BlackElo "2061"]
[PlyCount "94"]
[EventDate "2022.10.08"]
[EventType "swiss"]
[EventRounds "9"]
[EventCountry "ESP"]
[SourceTitle "CBM 210 Extra"]
[Source "ChessBase"]
[SourceDate "2022.11.30"]
[SourceVersion "1"]
[SourceVersionDate "2022.11.30"]
[SourceQuality "1"]

1. d4 Nf6 2. c4 c5 3. d5 b5 4. cxb5 a6 5. Nc3 axb5 6. Nxb5 Ba6 7. Nc3 g6 8. e4 Bxf1 9. Kxf1 d6 10. g3 Bg7 11. Kg2 Nbd7 12. h3 0-0 13. Nf3 Qc7 14. Qc2 Rfb8 15. a4 Ne8 16. Nd2 Qb7 17. Ra3 Nc7 18. Re1 Qa6 19. f4 c4 20. Na2 e6 21. Nxc4 exd5 22. Nd2 Rc8 23. b4 Nb5 24. axb5 Qxa3 25. Qxc8+ Rxc8 26. Bxa3 Rc2 27. Nc1 Rxd2+ 28. Re2 Rxe2+ 29. Nxe2 dxe4 30. Bc1 Kf8 31. Be3 Ke7 32. Nd4 Bxd4 33. Bxd4 Kd8 34. g4 f5 35. gxf5 gxf5 36. Kg3 Nf8 37. Bf6+ Kd7 38. b6 Ne6 39. b5 Kc8 40. Be7 d5 41. Bb4 Kb7 42. Ba5 d4 43. Bb4 Kxb6 44. Bd6 Kxb5 45. Kf2 Kc4 46. Ke2 Kc3 47. Kd1 Kd3 0-1

[Event "Calvia Amateur op 19th"]
[Site "Calvia"]
[Date "2022.10.08"]
[Round "1"]
[White "Rossello Sanchez, Bartolome"]
[Black "Lazarte Anello, David Emiliano"]
[Result "1-0"]
[WhiteElo "1633"]
[BlackElo "2061"]
[PlyCount "132"]
[EventDate "2022.10.08"]
[EventType "swiss"]
[EventRounds "9"]
[EventCountry "ESP"]
[SourceTitle "CBM 210 Extra"]
[Source "ChessBase"]
[SourceDate "2022.11.30"]
[SourceVersion "1"]
[SourceVersionDate "2022.11.30"]
[SourceQuality "1"]

1. d4 Nf6 2. c4 c5 3. d5 b5 4. cxb5 a6 5. e3 g6 6. Nc3 Bg7 7. a4 axb5 8. Bxb5 0-0 9. Nf3 d6 10. h3 Na6 11. 0-0 Bd7 12. Bc4 Bc8 13. e4 Nd7 14. Bd2 Nb4 15. Qc1 Ba6 16. Nb5 Qa5 17. Bc3 Nf6 18. Re1 Ne8 19. Bxg7 Kxg7 20. b3 f6 21. Nh2 Nc7 22. f4 Qb6 23. Nxc7 Qxc7 24. Ng4 Bxc4 25. Qxc4 Qb7 26. Rad1 Qa6 27. Ne3 Qxc4 28. Nxc4 Nc2 29. Re2 Nd4 30. Rb2 Rfb8 31. Rd3 Rb4 32. a5 Ra6 33. Kf2 Kf7 34. e5 dxe5 35. fxe5 Ke8 36. exf6 exf6 37. Re3+ Kd7 38. g4 f5 39. d6 fxg4 40. hxg4 Rxc4 41. bxc4 Rxa5 42. Rb6 Nc6 43. Rd3 Ra2+ 44. Kg3 Nd4 45. Re3 Nc6 46. Rb7+ Kxd6 47. Rxh7 Rc2 48. Re4 Ne5 49. Rg7 Rc3+ 50. Kg2 Rc2+ 51. Kg3 Nxc4 52. Rxg6+ Kd5 53. Re8 Nd2 54. Rd8+ Kc4 55. Rc6 Kb4 56. Rdc8 Nb3 57. g5 Nd4 58. Rf6 Rc4 59. Kg4 Rc1 60. g6 c4 61. Kf4 Rg1 62. Ke4 Rg4+ 63. Kd5 Ne2 64. Kd6 c3 65. Ke7 Nf4 66. Kf7 Nd5 1-0

[Event "Palma de Mallorca op"]
[Site "Palma de Mallorca"]
[Date "2021.11.27"]
[Round "6"]
[White "Lazarte Anello, David Emiliano"]
[Black "Oliver Amengual, Adria"]
[Result "0-1"]
[WhiteElo "2040"]
[BlackElo "1877"]
[PlyCount "65"]
[EventDate "2021.11.22"]
[EventType "swiss"]
[EventRounds "7"]
[EventCountry "ESP"]
[SourceTitle "CBM 205 Extra"]
[Source "ChessBase"]
[SourceDate "2022.01.31"]
[SourceVersion "1"]
[SourceVersionDate "2022.01.31"]
[SourceQuality "1"]

1. e4 c5 2. Nf3 Nc6 3. d4 cxd4 4. Nxd4 e6 5. Nc3 Qc7 6. g3 a6 7. Bg2 Nf6 8. 0-0 Be7 9. Bf4 e5 10. Nxc6 dxc6 11. Bg5 0-0 12. a4 Be6 13. Qe2 b5 14. b3 h6 15. Be3 b4 16. Nd1 c5 17. Nb2 c4 18. Nxc4 Bxc4 19. bxc4 Rac8 20. c3 bxc3 21. c5 Bxc5 22. Bxc5 Qxc5 23. Qxa6 Rfd8 24. Qb5 Qd4 25. Qe2 c2 26. Bf3 Qc3 27. Kg2 Rd2 28. Qe1 Ra8 29. Qc1 Nd7 30. Ra3 Qd4 31. Ra2 Rc8 32. Bg4 Qxe4+ 33. Kg1 0-1

[Event "Mallorca-chT Preferente"]
[Site "Mallorca"]
[Date "2021.04.17"]
[Round "6"]
[White "Lazarte Anello, David Emiliano"]
[Black "Bergas Ferriol, Jeronimo"]
[Result "1-0"]
[WhiteElo "2049"]
[BlackElo "1966"]
[PlyCount "88"]
[EventDate "2021.03.06"]
[EventType "team-swiss"]
[EventRounds "7"]
[EventCountry "ESP"]
[SourceTitle "EXT 2023"]
[Source "ChessBase"]
[SourceDate "2022.10.05"]
[SourceVersion "1"]
[SourceVersionDate "2022.10.05"]
[SourceQuality "1"]
[WhiteTeam "Vuit Peons"]
[BlackTeam "Maria Salut"]
[WhiteTeamCountry "ESP"]
[BlackTeamCountry "ESP"]

1. e4 c5 2. Nf3 Nc6 3. d4 cxd4 4. Nxd4 Nf6 5. Nc3 e5 6. Ndb5 d6 7. Bg5 a6 8. Na3 b5 9. Bxf6 gxf6 10. Nd5 Bg7 11. g3 0-0 12. Bg2 Ne7 13. Ne3 Be6 14. 0-0 Qb6 15. c4 Rac8 16. Qd3 b4 17. Nac2 Rfd8 18. Rad1 Nc6 19. b3 Ne7 20. Kh1 Rc5 21. f4 Ra5 22. f5 Bc8 23. Ra1 Kh8 24. h4 Rc5 25. g4 Bh6 26. g5 Bg7 27. Ng4 Ng8 28. Nce3 Bb7 29. Rad1 Qc7 30. Qd2 Qe7 31. Qxb4 fxg5 32. f6 Bxf6 33. Nxf6 Nxf6 34. Rxf6 Qxf6 35. Qxb7 Rf8 36. Rf1 Qe6 37. hxg5 Qg6 38. Qe7 Rcc8 39. Qf6+ Kg8 40. Nd5 Qxf6 41. gxf6 Rcd8 42. Bh3 Kh8 43. Ne7 d5 44. exd5 a5 1-0

[Event "Calvia Amateur op 17th"]
[Site "Calvia"]
[Date "2020.10.16"]
[Round "7"]
[White "Lazarte Anello, David Emiliano"]
[Black "Payeras Pons, Pedro"]
[Result "1-0"]
[WhiteElo "2102"]
[BlackElo "1302"]
[PlyCount "20"]
[EventDate "2020.10.10"]
[EventType "swiss"]
[EventRounds "9"]
[EventCountry "ESP"]
[SourceTitle "CBM 198 Extra"]
[Source "ChessBase"]
[SourceDate "2020.11.30"]
[SourceVersion "1"]
[SourceVersionDate "2020.11.30"]
[SourceQuality "1"]

1. d4 d5 2. c4 e6 3. Nf3 Nf6 4. g3 g6 5. Bg2 Bg7 6. Nc3 0-0 7. 0-0 Nbd7 8. Bf4 Nh5 9. Bg5 f6 10. Bd2 f5 1-0

[Event "Pomar Memorial op"]
[Site "Palma de Mallorca"]
[Date "2018.11.29"]
[Round "4"]
[White "Lazarte Anello, David Emiliano"]
[Black "Perez Gandesa, Jose Antonio"]
[Result "1-0"]
[WhiteElo "2097"]
[BlackElo "1833"]
[PlyCount "54"]
[EventDate "2018.11.26"]
[EventType "swiss"]
[EventRounds "7"]
[EventCountry "ESP"]
[SourceTitle "EXT 2020"]
[Source "ChessBase"]
[SourceDate "2019.10.17"]
[SourceVersion "1"]
[SourceVersionDate "2019.10.17"]
[SourceQuality "1"]

1. e4 d5 2. exd5 Nf6 3. d4 Bg4 4. Be2 Bxe2 5. Qxe2 Qxd5 6. Nf3 Nc6 7. c3 0-0-0 8. 0-0 h6 9. Nbd2 e6 10. Nc4 Qh5 11. Bf4 Nd5 12. Bg3 g5 13. Rad1 Re8 14. Ne3 Nxe3 15. fxe3 Bg7 16. b4 Rhf8 17. Qc4 f5 18. b5 f4 19. Bxf4 gxf4 20. bxc6 e5 21. Qb5 bxc6 22. Qxc6 e4 23. Nd2 Rf6 24. Qc4 f3 25. Rf2 Rg6 26. Nf1 Qh3 27. Ng3 Qg4 1-0

[Event "Mallorca-ch Preferente"]
[Site "Palma"]
[Date "2017.12.09"]
[Round "3.5"]
[White "Lazarte Anello, David Emiliano"]
[Black "Oliver Amengual, Adria"]
[Result "1-0"]
[WhiteElo "2115"]
[BlackElo "1879"]
[PlyCount "35"]
[EventDate "2017.12.02"]
[EventType "swiss"]
[EventRounds "6"]
[EventCountry "ESP"]
[SourceTitle "EXT 2024"]
[Source "ChessBase"]
[SourceDate "2023.10.10"]
[SourceVersion "1"]
[SourceVersionDate "2023.10.10"]
[SourceQuality "1"]

1. e4 c5 2. Nf3 d6 3. d4 cxd4 4. Nxd4 Nf6 5. Nc3 g6 6. Be2 Bg7 7. 0-0 Nc6 8. Nb3 0-0 9. Re1 a5 10. a4 Be6 11. Bf1 Bxb3 12. cxb3 e6 13. Be3 Nb4 14. Bb5 Rc8 15. Rc1 d5 16. e5 Nd7 17. f4 f5 18. g4 1-0

[Event "Palmanova Blau Escacs op 1st"]
[Site "Palmanova"]
[Date "2015.04.11"]
[Round "1"]
[White "Lazarte Anello, David Emiliano"]
[Black "Cacho Reigadas, Sergio"]
[Result "0-1"]
[WhiteElo "1947"]
[BlackElo "2519"]
[PlyCount "37"]
[EventDate "2015.04.11"]
[EventType "swiss"]
[EventRounds "9"]
[EventCountry "ESP"]
[SourceTitle "CBM 166 Extra"]
[Source "ChessBase"]
[SourceDate "2015.06.18"]
[SourceVersion "1"]
[SourceVersionDate "2015.06.18"]
[SourceQuality "1"]

1. d4 g6 2. e4 Bg7 3. Nf3 c6 4. c4 d6 5. Nc3 Nd7 6. Be2 e5 7. 0-0 Ngf6 8. dxe5 dxe5 9. Qc2 0-0 10. Rd1 Qe7 11. h3 Nh5 12. Ne1 Nf4 13. Bf1 Ne6 14. Ne2 f5 15. exf5 gxf5 16. f4 Qc5+ 17. Kh1 e4 18. Rb1 Qf2 19. b4 0-1